000 00660cam a2200229 a 4500
001 000008640
005 20200929161358.0
008 800305s1989 sp 000 0 spa
020 _a8433923234
040 _aDO-SdBNP
_bspa
_cLC
_dBNPHU
082 _a863.64
_bM385d
100 1 _aMartínez Reverte, Jorge,
_d1948-
_923079
245 1 0 _aDemasiado para Gálvez /
_cJorge Martínez Reverte.
260 _aMadrid :
_bAnagrama,
_c1989.
300 _a165 p. ;
_c20 cm.
490 1 _aContraseñas
650 4 _aNovela española
_91123
650 4 _aLiteratura española
_9632
830 0 _aContraseñas
_921710
910 _aCatalogación derivada
049 _aBNGR
999 _c8410
_d8410